Marketing

Na minha lista:
Detalhes bibliográficos
Autor principal: Prachár, Juraj
Autor Corporativo: Vysoká škola ekonomická v Bratislave. Fakulta odvetvových ekonomík
Outros Autores: Magál, Ján, Sloboda, Štefan
Formato: Livro
Idioma:eslovaco
Publicado em: Bratislava Rektorát Vysokej školy ekonomickej v Bratislave 1967
Edição:1. vydanie
Assuntos:
Tags: Adicionar Tag
Sem tags, seja o primeiro a adicionar uma tag!

MARC

LEADER 00000nam a2200000 4500
001 c122613
005 20251104095203.8
041 0 |a slo 
044 |a SK 
245 1 0 |a Marketing  |c Juraj Prachár ; recenzovali: Ján Magál, Štefan Sloboda 
250 |a 1. vydanie 
264 1 |a Bratislava  |b Rektorát Vysokej školy ekonomickej v Bratislave  |c 1967 
300 |a 263 s. 
610 2 0 |a marketing 
610 2 0 |a trh 
610 2 0 |a obchod 
100 1 |a Prachár, Juraj 
700 1 |a Magál, Ján 
700 1 |a Sloboda, Štefan 
710 2 |a Vysoká škola ekonomická v Bratislave. Fakulta odvetvových ekonomík